LEADER 01300nam a2200325 u 4500 001 000000054959 003 CaOOAMICUS 005 20070226115730.0 008 010112s1977 es u000 u spa u 020 $a8426553095 035 $a10865301 040 $aPUL(R)$bita 100 1 $aTábet, Miguel Ángel.$0(OLS)http://pul/name/24294 245 10$aDavid F. Strauss: la vida de Jesus /$cMiguel Ángel Tábet. 246 30$aVida de Jesus 260 $aMadrid :$bE.M.E.S.A.,$cc1977. 300 $a163 p. ;$c19 cm 490 1 $aCrítica filosófica ;$v11 504 $aBibliografia in nota. 600 14$aStrauss, David Friedrich,$d1808-1874.$0(OLS)http://pul/subject/4982 650 4$aFede e ragione.$0(OLS)http://pul/subject/3185 830 0$aCrítica filosófica ;$v11.$0(OLS)http://pul/title/73213 850 $aPUL 852 $aPUL$W1$xDP1 Fondo Giannini$y60$m1557 E 54$j72323$nBK-PRI$b $qFondi$B72323$CPULBib$Z2$F72323 $H $81 941 1 $a1 960 $aRagione e fede$93185 996 $6020$a8426553095$9(OLS)http://pul/number/69175 996 $6245$aDavid F. Strauss: la vida de Jesus$9(OLS)http://pul/title/73654 996 $6246$aVida de Jesus$9(OLS)http://pul/title/73655 996 $6260$aMadrid :$bE.M.E.S.A.$9(OLS)http://pul/publisher/68822 LEADER 01343nam a2200289 u 4500 001 000000157285 003 CaOOAMICUS 005 20161207164836.0 008 161207n it u000 u eng u 032 $aLibriCat 035 $a10270027 040 $aPUL$bita 100 1 $aAhern, Barnabas Mary.$0(OLS)http://pul/name/55661 245 14$aThe fellowship of his sufferings (Phil. 3,10) :$ba study of Dt. Paul's doctrine on christian suffering /$cBarnabas Mary Ahern. 260 $aRoma :$bPontificio Istituto Biblico,$c[s.d.] 300 $a45 p. ;$c24 cm. 500 $aEstratto da: Catholic Biblical Quarterly vol. XXII, 1960, p.1-32. 502 $aEstratto da Tesi -- Pontificio Istituto Biblico. 504 $aBibliografia in nota a piè pagina. 600 04$aPaulus,$cs., apostolo.$0(OLS)http://pul/subject/417 710 2 $aPontificio istituto biblico.$kTesi.$0(OLS)http://pul/name/85533 850 $aPUL 852 $aPUL$W1$xDP1 Tesi Pon. Ist. Biblico$y33$mTH BIB 36$j180583$qTesi$B183703$CPULBib$Z2$F183703 $H20813 $82 941 1 $a16 996 $6245$aThe fellowship of his sufferings (Phil. 3,10) :$ba study of Dt. Paul's doctrine on christian suffering$9(OLS)http://pul/title/196888 996 $6260$aRoma :$bPontificio Istituto Biblico$9(OLS)http://pul/publisher/49008